ბათუმის შოთა რუსთაველის სახელმწიფო უნივერსიტეტის ბიბლიოთეკა

რომის სამართალი = Римское право / (ბიბ.ჩანაწერი № 38600)

000 -ლიდერი
ფიქსირებული სიგრძის საკონტროლო ველი 01464nam a2200289Ia 4500
001 - საკონტროლო ნომერი
საკონტროლო ველი 4717
003 - საკონტროლო ნომრის იდენტიფიკატორი
საკონტროლო ველი GE_BSU
005 - ბოლო ოპერაციის თარიღი და დრო
საკონტროლო ველი 20190719174537.0
008 - ფიქსირებული სიგრძის მონაცემთა ელემენტები - ზოგადი ინფორმაცია
ფიქსირებული სიგრძის საკონტროლო ველი 181216s2009||||ge |||||||||||||| ||geo||
020 ## - წიგნის საერთაშორისო სტანდარტული ნომერი
International Standard Book Number 978994098552
040 ## - კატალოგიზაციის წყარო
Transcribing agency GE_BSU
041 ## - ენის კოდი
Language code of text/sound track or separate title geo
080 ## - უნივერსალური ათობითი კლასიფიკაციის ინდექსი
Universal Decimal Classification number 34(37) მ-77
100 ## - მთავარი ჩანაწერი - პიროვნების სახელი
Personal name მიხაილოვა, ნ.
9 (RLIN) 3264
245 ## - ცნობა სათაურის შესახებ
Title რომის სამართალი = Римское право /
Statement of responsibility, etc ნ. მიხაილოვა, ა. ივანოვი, ს. ასანიძე ; მთ. რედ. ნოდარ ერიაშვილი ; რედ. სერგო ბარამიძე, მანანა სულხანაშვილი
264 ## - წარმოების, გამოცემის, დისტრიბუციის და სხვა ცნობები
გამოცემის, წარმოების, დისტრიბუციის... ადგილი თბილისი :
გამოცემის, წარმოების, დისტრიბუციის... სახელწოდება სამართლიანი საქართველო ;
გამოცემის, წარმოების, დისტრიბუციის... თარიღი 2009.
300 ## - ფიზიკური აღწერა
Extent 223 გვ. ;
Dimensions 20 სმ.
653 ## - INDEX TERM--UNCONTROLLED
Uncontrolled term რომის სამართალი
653 ## - INDEX TERM--UNCONTROLLED
Uncontrolled term Римское право
653 ## - INDEX TERM--UNCONTROLLED
Uncontrolled term სამართალი
700 ## - ADDED ENTRY--PERSONAL NAME
Personal name ივანოვი, ა.
Relator term ავტორი
9 (RLIN) 3265
700 ## - ADDED ENTRY--PERSONAL NAME
Personal name ასანიძე, ს.
Relator term ავტორი
9 (RLIN) 3266
700 ## - ADDED ENTRY--PERSONAL NAME
Personal name ერიაშვილი, ნოდარ
Relator term მთ. რედაქტორი
9 (RLIN) 3267
700 ## - ADDED ENTRY--PERSONAL NAME
Personal name ბარამიძე, სერგო
Relator term რედაქტორი
9 (RLIN) 3262
700 ## - ADDED ENTRY--PERSONAL NAME
Personal name სულხანაშვილი, მანანა
Relator term რედაქტორი
9 (RLIN) 3263
942 ## - ADDED ENTRY ELEMENTS (KOHA)
Koha item type წიგნი
Source of classification or shelving scheme
ეგზემპლარები
ჩამოწერის სტატუსი დაკარგული ეგზემპლარის სტატუსი კლასიფიკაციის წყარო ან თაროზე გაწყობის სქემა დაზიანების სტატუსი არ გაიცემა მუდმივი მდებარეობა (დაცვის ადგილი) ამჟამინდელი ადგილსამყოფელი თაროზე განთავსების ადგილი შეძენის თარიღი ღირებულება, შესყიდვის ნორმალური ფასი სრული შენახვის შიფრი შტრიხკოდი ბოლო ოპერაციის თარიღი ეგზემპლარის მიმდევრობითი ნომერი (კეტერი?) ფასის ძალაში შესვლის თარიღი ეგზემპლარის სახეობა საჯარო შენიშვნა
          ბათუმის შოთა რუსთაველის სახელმწიფო უნივერსიტეტის მთავარი ბიბლიოთეკა ბათუმის შოთა რუსთაველის სახელმწიფო უნივერსიტეტის მთავარი ბიბლიოთეკა წიგნსაცავი 2018-12-17 30.00 34(37) მ-77 12657 2018-12-17 12657 2018-12-17 წიგნი 30 ლ.
          ბათუმის შოთა რუსთაველის სახელმწიფო უნივერსიტეტის მთავარი ბიბლიოთეკა ბათუმის შოთა რუსთაველის სახელმწიფო უნივერსიტეტის მთავარი ბიბლიოთეკა წიგნსაცავი 2018-12-17 30.00 34(37) მ-77 12658 2018-12-17 12658 2018-12-17 წიგნი 30 ლ.
          ბათუმის შოთა რუსთაველის სახელმწიფო უნივერსიტეტის მთავარი ბიბლიოთეკა ბათუმის შოთა რუსთაველის სახელმწიფო უნივერსიტეტის მთავარი ბიბლიოთეკა წიგნსაცავი 2018-12-17 30.00 34(37) მ-77 12659 2018-12-17 12659 2018-12-17 წიგნი 30 ლ.
          ბათუმის შოთა რუსთაველის სახელმწიფო უნივერსიტეტის მთავარი ბიბლიოთეკა ბათუმის შოთა რუსთაველის სახელმწიფო უნივერსიტეტის მთავარი ბიბლიოთეკა წიგნსაცავი 2018-12-17 30.00 34(37) მ-77 12660 2018-12-17 12660 2018-12-17 წიგნი 30 ლ.
          ბათუმის შოთა რუსთაველის სახელმწიფო უნივერსიტეტის მთავარი ბიბლიოთეკა ბათუმის შოთა რუსთაველის სახელმწიფო უნივერსიტეტის მთავარი ბიბლიოთეკა წიგნსაცავი 2018-12-17 30.00 34(37) მ-77 12661 2018-12-17 12661 2018-12-17 წიგნი 30 ლ.
          ბათუმის შოთა რუსთაველის სახელმწიფო უნივერსიტეტის მთავარი ბიბლიოთეკა ბათუმის შოთა რუსთაველის სახელმწიფო უნივერსიტეტის მთავარი ბიბლიოთეკა წიგნსაცავი 2023-02-13 15.00 34(37) მ-77 63777 2023-02-13 63777 2023-02-13 წიგნი 15.00